| 000 | 02257nam a22003377a 4500 | ||
|---|---|---|---|
| 999 |
_c58045 _d58045 |
||
| 003 | Ge_BSU | ||
| 005 | 20250618114126.0 | ||
| 008 | 210525s2021 ge ||||| |||| 00| 0 geo d | ||
| 020 | _a9789941830112 | ||
| 041 | _ageo | ||
| 080 | _a342(479.22) შ-52 | ||
| 245 |
_aშესავალი საქართველოს საკონსტიტუციო სამართალში / _cავტორები: დიმიტრი გეგენავა, თამარ პაპაშვილი, ქეთევან ვარდოსანიძე [და სხვ.]; დიმიტრი გეგენავას და გიორგი გორაძის რედაქტორობით. |
||
| 250 | _aმე-2 გამოცემა | ||
| 264 |
_aთბილისი : _bსულხან-საბა ორბელიანის უნ-ტის გამ-ბა, _c2021. |
||
| 300 |
_a382 გვ.: _c23 სმ. |
||
| 504 | _aბიბლიოგრაფია ტექსტის შენიშვნებში და გვ. 367-382. | ||
| 653 | _aსამართალი | ||
| 653 | _aსაქართველოს საკონსტიტუციო სამართალი. | ||
| 700 |
_aგეგენავა, დიმიტრი _911889 _eრედაქტორი |
||
| 700 |
_aგორაძე, გიორგი _eავტორი, რედაქტორი _92809 |
||
| 700 |
_aპაპაშვილი, თამარ _99615 _eავტორი |
||
| 700 |
_aვარდოსანიძე, ქეთევან _99616 _eავტორი |
||
| 700 |
_aბრეგაძე, რატი _eავტორი _99617 |
||
| 700 |
_aთევზაძე, თენგიზ _eავტორი _99618 |
||
| 700 |
_aცანავა, ლანა _eავტორი _97638 |
||
| 700 |
_aჯავახიშვილი, პაატა _eავტორი _97899 |
||
| 700 |
_aმაჭარაძე, ზურაბ _eავტორი _98184 |
||
| 700 |
_aსიორიძე, გიორგი _eავტორი _99619 |
||
| 700 |
_aლოლაძე, ბესიკ _eავტორი _925453 |
||
| 942 |
_2udc _cBK |
||